000 00768nam a2200217Ia 4500
005 20241129105806.0
008 241129s9999||||xx |||||||||||||| ||und||
020 _a978-93-83221-41-7
037 _aTB
040 _aARTS
_beng
_cARTS
041 _aeng
_2eng
084 _aV2:710aNA44,C R2
_qARTS
100 _aPatil C. B. Ed.; Vinay Kumar Ed.
_9724751
245 0 _aNew facets of early historical archaeology and buddhist art and architecture: (essays in honour of Dr. R.C. Agrawal)
_cPatil C. B. Ed.; Vinay Kumar Ed.
260 _aDelhi, India
_bSharada Publishing House
_c2022
300 _axxxvi,332p.
365 _aINR
_b6900
650 _aHistory-IndiaArts Architecture
_9726385
942 _cTB
_hV2:710aNA44,C R2
999 _c1225959
_d1225959